000 00352nam a22001457a 4500
020 _a9788181312563
082 _a823
_bBR1/C
245 _aColours
_bEarly Discovery
246 _aColours
_bEarly Discovery
250 _a2012
260 _bFranklin
_c2015
300 _a48
520 _aHelping children get the most out of the colours volume
942 _cBK
999 _c229
_d229